Southville International School and Colleges
Your cart is empty.
  • Cart
  • Lists
    Public lists Eva Luna New books Lux_list list_1
    Your lists Log in to create your own lists
  • Log in to your account
  • Your cookies
  • Search history
Southville International School and Colleges
  • Advanced search
  • Recent comments
  • Most popular
  • Libraries

Log in to your account

Log in with GOOGLE


If you do not have an external account, but do have a local account, you can still log in:

  1. Home
  2. MARC view: Strega Nona /
Normal view MARC view ISBD view

Strega Nona / (Record no. 113750)

[ view plain ]
MARC details
000 -LEADER
fixed length control field 00669nam a2200205 a 4500
001 - CONTROL NUMBER
control field 2027
005 - DATE AND TIME OF LATEST TRANSACTION
control field 20140414132037.0
008 - FIXED-LENGTH DATA ELEMENTS--GENERAL INFORMATION
fixed length control field 040109s19uu xx 00 eng d
020 ## - INTERNATIONAL STANDARD BOOK NUMBER
International Standard Book Number 0-671-66606-1
050 ## - LIBRARY OF CONGRESS CALL NUMBER
Classification number TR
Item number ST8 1975
100 ## - MAIN ENTRY--PERSONAL NAME
Personal name de Paola, Thomas Antony
245 ## - TITLE STATEMENT
Title Strega Nona /
Statement of responsibility, etc written and Illustrated by Tomie Del Paola.
260 ## - PUBLICATION, DISTRIBUTION, ETC. (IMPRINT)
Place of publication, distribution, etc U.S.A :
Name of publisher, distributor, etc Aladdin paperbacks,
Date of publication, distribution, etc 1975.
300 ## - PHYSICAL DESCRIPTION
Extent v. p. : ill. ; cm.
500 ## - GENERAL NOTE
General note TR/PS
520 ## - SUMMARY, ETC.
Summary, etc When Strega Nona leaves him alone with her magic pasta pot, Big Anthony is determined to show the townspeople how it works.
650 ## - SUBJECT ADDED ENTRY--TOPICAL TERM
Topical term or geographic name as entry element Folklore
General subdivision Italy.
650 ## - SUBJECT ADDED ENTRY--TOPICAL TERM
Topical term or geographic name as entry element Children stories.
Holdings
Withdrawn status Lost status Damaged status Use restrictions Home library Current library Shelving location Date acquired Source of acquisition Cost, normal purchase price Total Checkouts Full call number Barcode Date last seen Price effective from Koha item type
        Munich Library Munich Library Teachers Reference Section 01/09/2004   75.00   TR ST8 1975 M5379 04/14/2014 04/14/2014 Books

Strega Nona /

APA

de Paola T. A., . (1975). Strega Nona. U.S.A: Aladdin paperbacks.

Chicago

de Paola Thomas Antony, . 1975. Strega Nona. U.S.A: Aladdin paperbacks.

Harvard

de Paola T. A., . (1975). Strega Nona. U.S.A: Aladdin paperbacks.

MLA

de Paola Thomas Antony, . Strega Nona. U.S.A: Aladdin paperbacks. 1975.

  • Place hold
  • Print
  • Cite
  • Add to your cart (remove)
  • Save record
    BIBTEX Dublin Core MARCXML MARC (non-Unicode/MARC-8) MARC (Unicode/UTF-8) MARC (Unicode/UTF-8, Standard) MODS (XML) RIS
  • More searches
    Search for this title in:
    Other Libraries (WorldCat) Other Databases (Google Scholar) Online Stores (Bookfinder.com) Open Library (openlibrary.org)

Exporting to Dublin Core...

SOUTHVILLE LIBRARY

Southville International School and Colleges Library

1281 Tropical Ave. Cor. Luxembourg St., BF Homes International, Las Pinas City

Tel. No. 8256374 / 252358 Loc. 117/146

Powered by Koha